| 000 | 00409nam a2200157Ia 4500 | ||
|---|---|---|---|
| 008 | 160316s9999 xxu||||| |||| 00| 0 eng d | ||
| 082 |
_a333.720000 _bSIN |
||
| 100 | _aSingh Chhatrapati | ||
| 245 | _aLegal policy for India's national parks and sanctuaries | ||
| 250 | _a | ||
| 260 |
_a _b _c0 |
||
| 300 |
_a10 _b _c |
||
| 365 | _b | ||
| 650 | _a1. Legal framework - national parks - wildlife | ||
| 700 |
_a _a |
||
| 999 |
_c41128 _d41128 |
||